| 000 | 00370nam a2200157 4500 | ||
|---|---|---|---|
| 008 | 190319s1992||||xo d | ||
| 100 | 1 |
_aOlivar Roche Roberto _9974 |
|
| 245 | 1 | 0 | _aEtická výchova |
| 250 | _a1. vydanie | ||
| 260 |
_bOPI _aBratislava _c1992 |
||
| 300 | _a209 s. | ||
| 020 |
_a80-7158-001-5 _c0 |
||
| 041 | 1 | _aslo | |
| 044 |
_axo _cSK |
||
| 958 | _aAPR | ||
| 999 |
_c22235 _d22235 |
||